Hypertension : (Record no. 1855)

MARC details
000 -LEADER
fixed length control field 01293cam a2200337 a 4500
001 - CONTROL NUMBER
control field 1652811
003 - CONTROL NUMBER IDENTIFIER
control field OSt
005 - DATE AND TIME OF LATEST TRANSACTION
control field 20150522183840.0
008 - FIXED-LENGTH DATA ELEMENTS--GENERAL INFORMATION
fixed length control field 970610s1998 paua b 001 0 eng c
010 ## - LIBRARY OF CONGRESS CONTROL NUMBER
LC control number 97017954
020 ## - INTERNATIONAL STANDARD BOOK NUMBER
International Standard Book Number 1573401110
040 ## - CATALOGING SOURCE
Original cataloging agency DNLM/DLC
Transcribing agency DLC
Modifying agency DLC
050 00 - LIBRARY OF CONGRESS CALL NUMBER
Classification number RC682
Item number .A818 1998 vol. 1
Classification number RC685.H8
060 10 - NATIONAL LIBRARY OF MEDICINE CALL NUMBER
Classification number WG 17 A8816 1998 v.1
082 00 - DEWEY DECIMAL CLASSIFICATION NUMBER
Classification number WG 17 A8816 1998
Edition number 21
245 00 - TITLE STATEMENT
Title Hypertension :
Remainder of title mechanisms and therapy /
Statement of responsibility, etc. volume editor, Norman K. Hollenberg.
250 ## - EDITION STATEMENT
Edition statement 2nd ed.
260 ## - PUBLICATION, DISTRIBUTION, ETC. (IMPRINT)
Place of publication, distribution, etc. Philadelphia :
Name of publisher, distributor, etc. Current Medicine,
Date of publication, distribution, etc. c1998.
300 ## - PHYSICAL DESCRIPTION
Extent 1 v. (various pagings) :
Other physical details ill. (some col.) ;
Dimensions 31 cm.
490 1# - SERIES STATEMENT
Series statement Atlas of heart diseases ;
Volume/sequential designation v. 1
504 ## - BIBLIOGRAPHY, ETC. NOTE
Bibliography, etc Includes bibliographical references and index.
650 #0 - SUBJECT ADDED ENTRY--TOPICAL TERM
Topical term or geographic name as entry element Hypertension
General subdivision Atlases.
9 (RLIN) 4872
650 12 - SUBJECT ADDED ENTRY--TOPICAL TERM
Topical term or geographic name as entry element Hypertension
General subdivision physiopathology
-- atlases.
9 (RLIN) 4873
650 12 - SUBJECT ADDED ENTRY--TOPICAL TERM
Topical term or geographic name as entry element Hypertension
General subdivision therapy
-- atlases.
9 (RLIN) 4874
700 1# - ADDED ENTRY--PERSONAL NAME
Personal name Hollenberg, Norman K.
9 (RLIN) 4875
830 #0 - SERIES ADDED ENTRY--UNIFORM TITLE
Uniform title Atlas of heart diseases (2nd ed.) ;
Volume number/sequential designation v. 1.
9 (RLIN) 4876
906 ## - LOCAL DATA ELEMENT F, LDF (RLIN)
a 7
b cbc
c orignew
d 1
e ocip
f 19
g y-gencatlg
942 ## - ADDED ENTRY ELEMENTS (KOHA)
Source of classification or shelving scheme Other/Generic Classification Scheme
Koha item type Short Loan
Holdings
Withdrawn status Lost status Source of classification or shelving scheme Damaged status Not for loan Home library Current library Date acquired Source of acquisition Inventory number Total Checkouts Full call number Barcode Date last seen Price effective from Koha item type
    Other/Generic Classification Scheme     MUST Main Library MUST Main Library 22/05/2015   2001/16612   WG 17 A8816 1998 2015-1564 22/05/2015 22/05/2015 Short Loan